| 000 | 01398nam a22003857a 4500 | ||
|---|---|---|---|
| 003 | CHAP | ||
| 005 | 20220329143406.0 | ||
| 008 | 090218s2008 mx a r 00010 spa d | ||
| 010 | _a95905 | ||
| 011 | _a96877 | ||
| 035 | _a107534 | ||
| 040 | _cCHAP | ||
| 090 | _aTesis | ||
| 100 | 1 |
_aPastor Zarandona, Omar Alonso _985978 |
|
| 245 | 1 | 0 |
_aRetos y perspectivas de la industria tequilera _c/por Omar Alonso Pastor Zarandona |
| 260 |
_aChapingo, Méx. : _bEl autor, _c2008 |
||
| 300 |
_aix, 88 h. : _bilus., cuadros, gráfs. |
||
| 502 | _aTesis (Ing. Agroindustrial) -- UACH. Departamento de Ingeniería Agroindustrial | ||
| 530 | _aTambién disponible en línea | ||
| 590 |
_aALEPH _b10 _c20130110 _lUCH01 _h1527 |
||
| 590 |
_aBATCH-UPD _b10 _c20130110 _lUCH01 _h0647 |
||
| 590 |
_aBATCH-UPD _b10 _c20140324 _lUCH01 _h1510 |
||
| 590 |
_aBATCH-UPD _b10 _c20141002 _lUCH01 _h0838 |
||
| 590 |
_aCONVERSION _b10 _c20130109 _lUCH01 _h1353 |
||
| 650 | 1 | 4 |
_aAgave tequilana. _91107 |
| 650 | 1 | 4 |
_aConsumo. _927420 |
| 650 | 1 | 4 |
_aImpuestos. _957494 |
| 650 | 1 | 4 |
_aTequila _xIndustria. _9112341 |
| 650 | 1 | 4 |
_aTequila _xMercadeo. _9112342 |
| 856 |
_3Finding aid _uhttp://10.13.5.2/tesis/107534.pdf _zTeclea aqui |
||
| 901 | _aBK | ||
| 942 | _cFOLL | ||
| 949 |
_aTesis _bBC _cTES _d33724002085173 _eTS1 _gDonaciØn _h48961 _i107534 _sb |
||
| 949 |
_aTesis _bBC _cTES _d33724002085215 _eTS2 _fc.2 _gDonaciØn _h48962 _i107534 _sb |
||
| 999 |
_c95905 _d95905 |
||